| 000 | 00861nim a2200277 i 4500 | ||
|---|---|---|---|
| 001 | bgj | ||
| 003 | BPK | ||
| 005 | 20200710120720.0 | ||
| 008 | s1993 uk f |000 0 eng d | ||
| 020 | _a0582066646 | ||
| 040 | _cBPK | ||
| 041 | 0 | _aeng | |
| 080 | _a811.111 | ||
| 080 | _a(07) | ||
| 100 | 1 | _aAbbs, Brian. | |
| 245 | 1 | 0 |
_aBlueprint one : _b previews and listening / _cBrian Abbs & Ingrid Freebairn. |
| 260 |
_aHarlow, England : _bLongman, _c1993. |
||
| 650 | _aEnglish language. | ||
| 650 | 4 |
_aJęzyk angielski _xpoziom podstawowy. |
|
| 655 | _aTextbooks for foreigners. | ||
| 655 | 4 | _aPodręcznik | |
| 655 | 4 | _aDokumenty dźwiękowe | |
| 700 | 1 | _aFreebairn, Ingrid. | |
| 942 |
_cTM _2UKD |
||
| 856 |
_uhttp://koha.tu.koszalin.pl/cgi-bin/koha/opac-detail.pl?biblionumber=50063 _yKatalog online BPK |
||
| 999 |
_c50063 _d50063 |
||